GESTION I - II (Registro nro. 1875)
[ vista simple ]
| 000 -CABECERA | |
|---|---|
| Campo de control de longitud fija | 00697nam a2200253ua 4500 |
| 003 - IDENTIFICADOR DE NÚMERO DE CONTROL | |
| Campo de control | armpcda |
| 005 - FECHA Y HORA DE LA ÚLTIMA MODIFICACIÓN | |
| control field | 20161004121819.0 |
| 040 ## - FUENTE DE CATALOGACIÓN | |
| Centro de catalogación original | armpcda |
| Lenguaje de catalogación | spa |
| Centro que realiza la transcripción | armpcda |
| 041 ## - CÓDIGO DE LENGUAJE | |
| Language code of text/sound track or separate title | spa |
| 001 - NÚMERO DE CONTROL | |
| Campo de control | 001085 |
| 008 - ELEMENTOS DE LONGITUD FIJA INFORMACIÓN GENERAL | |
| Campo de control de longitud fija | 211020n ||||||||||||||000 | spa|| |
| 100 1# - Asiento principal. Nombre de persona | |
| Nombre de persona | Zingoni, José María |
| 245 10 - Mención de Título | |
| Mención de responsabilidad | José María Zingoni |
| Título | GESTION I - II |
| Medium | [recurso electrónico] |
| 300 0# - Descripción física | |
| Extensión | 488 Mb |
| Otras características físicas | 2 carpetas (17 archivos) |
| 505 0# - Nota de contenido con formato | |
| Título | Material_Zingoni_2004 227 Mb |
| 505 0# - Nota de contenido con formato | |
| Título | Zingoni_2005 260 Mb |
| 650 #4 - Punto de acceso adicional de materia -Término de materia | |
| Término de materia o nombre geográfico como elemento inicia | GESTION CULTURAL |
| 650 #4 - Punto de acceso adicional de materia -Término de materia | |
| Término de materia o nombre geográfico como elemento inicia | CULTURA CORPORATIVA |
| 650 #4 - Punto de acceso adicional de materia -Término de materia | |
| Término de materia o nombre geográfico como elemento inicia | GERENCIA DEL SERVICIO |
| 650 #4 - Punto de acceso adicional de materia -Término de materia | |
| Término de materia o nombre geográfico como elemento inicia | ADMINISTRACION |
| 650 #4 - Punto de acceso adicional de materia -Término de materia | |
| Término de materia o nombre geográfico como elemento inicia | PATRIMONIO CULTURAL |
| 942 ## - ADDED ENTRY ELEMENTS (KOHA) | |
| Koha item type | Recursos electrónicos |
| Source of classification or shelving scheme | |
| 901 ## - LOCAL DATA ELEMENT A, LDA (RLIN) | |
| a | n |
| b | m |
| Withdrawn status | Lost status | Damaged status | Not for loan | Home library | Current library | Date acquired | Total Checkouts | Full call number | Barcode | Date last seen | Price effective from | Koha item type |
|---|---|---|---|---|---|---|---|---|---|---|---|---|
| Disponible para préstamo | Centro de Documentación FAUD | Centro de Documentación FAUD | 04/10/2016 | CD GESTION CULTURAL | 500004 | 04/10/2016 | 04/10/2016 | Recursos electrónicos |